[Event "NSU Open Mesterklassen 2009"]
[Site "Hillerod"]
[Date "2009.01.02"]
[Round "1"]
[White "Andersen, Daniel"]
[Black "Andersen, Lars Ren"]
[Result "1/2-1/2"]
[WhiteElo "1873"]
[BlackElo "2033"]
[PlyCount "89"]
[EventDate "2009.??.??"]

1. c4 c6 2. Nf3 d5 3. cxd5 cxd5 4. d4 Nf6 5. Bf4 e6 6. Qb3 Be7 7. e3 O-O 8. Bd3
a6 9. Ne5 b5 10. O-O Bb7 11. Rc1 Qb6 12. a4 Nc6 13. Nxc6 Bxc6 14. axb5 axb5 15.
Nc3 Ra5 16. Rxa5 Qxa5 17. Bxb5 Ba8 18. Qa4 Qd8 19. Bc6 Bxc6 20. Qxc6 Qa5 21.
Qc7 Qb4 22. Rb1 Re8 23. Qc6 Qb3 24. Be5 Rd8 25. Bxf6 Bxf6 26. Qa4 Qb7 27. Qb5
Qc7 28. Qd3 e5 29. dxe5 Bxe5 30. f4 Bxc3 31. Qxc3 Qxc3 32. bxc3 Kf8 33. Kf2 Rc8
34. Rc1 Ke7 35. Ke2 h5 36. Kd3 f5 37. Rb1 Rc6 38. Rb7+ Kf6 39. Rd7 Rc5 40. Rd6+
Ke7 41. Rb6 Rc4 42. g3 Rc5 43. Rb2 Kf6 44. h3 Rc6 45. Rb7 1/2-1/2

[Event "NSU Open Mesterklassen 2009"]
[Site "Hillerod"]
[Date "2009.01.02"]
[Round "1"]
[White "Christensen, Esben"]
[Black "Hellegaard, Dennis"]
[Result "0-1"]
[WhiteElo "1990"]
[BlackElo "1940"]
[PlyCount "104"]
[EventDate "2009.??.??"]

1. e4 c5 2. Nf3 d6 3. d4 cxd4 4. Nxd4 Nf6 5. Nc3 a6 6. f4 b5 7. a3 Bb7 8. Bd3
Nbd7 9. O-O e6 10. Nb3 Rc8 11. Qe1 Be7 12. h3 Nb6 13. Na5 Ba8 14. e5 Nfd5 15.
Ne4 Nc4 16. Nxc4 bxc4 17. Be2 dxe5 18. fxe5 O-O 19. Qg3 f5 20. exf6 Nxf6 21.
Bh6 Qd4+ 22. Nf2 Nd5 23. c3 Qf6 24. Bd2 Bc5 25. Rae1 Ne7 26. Bxc4 Bd5 27. Bxa6
Rcd8 28. Bg5 Qg6 29. Bd3 Nf5 30. Qg4 h5 31. Qf4 Bxg2 32. Kxg2 Rxd3 33. Nxd3
Ne3+ 34. Rxe3 Rxf4 35. Nxf4 Qxg5+ 36. Rg3 Qe5 37. Rgf3 h4 38. b4 Bd6 39. c4 g5
40. c5 Bb8 41. Kh1 gxf4 42. Rxf4 Qd5+ 43. R4f3 Bg3 44. Kg1 Qd4+ 45. Kh1 Qb2 46.
Rf8+ Kg7 47. R1f7+ Kg6 48. Kg1 Qxa3 49. Rb7 Qe3+ 50. Kf1 Qd3+ 51. Kg1 Qd1+ 52.
Rf1 Qd4+ 0-1

[Event "NSU Open Mesterklassen 2009"]
[Site "Hillerod"]
[Date "2009.01.02"]
[Round "1"]
[White "Eddy, Samuel"]
[Black "Hove, Esben Kjems"]
[Result "0-1"]
[WhiteElo "1967"]
[BlackElo "2285"]
[PlyCount "56"]
[EventDate "2009.??.??"]

1. d4 Nf6 2. Nf3 d5 3. Bg5 Ne4 4. Bf4 c6 5. c3 g6 6. Nbd2 Nd6 7. e3 Bg7 8. Bd3
Bf5 9. Bxf5 Nxf5 10. e4 dxe4 11. Nxe4 O-O 12. O-O Nd7 13. Re1 Nb6 14. Ng3 Nd6
15. Qd2 Re8 16. Ne5 Qc8 17. Bh6 Bh8 18. h4 f6 19. Nd3 Nf7 20. Nc5 e5 21. h5 g5
22. Nge4 Qg4 23. dxe5 Rxe5 24. f3 Qxh5 25. Ng3 Qxh6 26. Rxe5 fxe5 27. Nf5 Qf6
28. g4 Rd8 0-1

[Event "NSU Open Mesterklassen 2009"]
[Site "Hillerod"]
[Date "2009.01.02"]
[Round "1"]
[White "Jakobsen, Peter"]
[Black "Montgomery, Jan ElkjaerFrantsen"]
[Result "1/2-1/2"]
[WhiteElo "2219"]
[BlackElo "2185"]
[PlyCount "27"]
[EventDate "2009.??.??"]

1. e4 c5 2. Nf3 Nc6 3. d4 cxd4 4. Nxd4 e6 5. Nc3 Qc7 6. Be3 a6 7. Qd2 Nf6 8.
O-O-O Bb4 9. f3 O-O 10. g4 d6 11. g5 Nd7 12. Nb3 Nc5 13. Nxc5 Bxc5 14. Qf2
1/2-1/2

[Event "NSU Open Mesterklassen 2009"]
[Site "Hillerod"]
[Date "2009.01.02"]
[Round "1"]
[White "Jensen, Jakob Kjaer"]
[Black "Scherwin, Claes"]
[Result "1-0"]
[WhiteElo "2146"]
[BlackElo "1864"]
[PlyCount "69"]
[EventDate "2009.??.??"]

1. d4 Nf6 2. Bg5 e6 3. e3 Be7 4. Bd3 b6 5. Nd2 Bb7 6. Ngf3 Na6 7. c3 c5 8. e4
Nc7 9. e5 Nfd5 10. Ne4 f6 11. exf6 gxf6 12. Bh6 d6 13. a3 b5 14. Ng3 c4 15. Bc2
a5 16. Nd2 Nb6 17. Bg7 Rg8 18. Qh5+ Kd7 19. Qxh7 Ncd5 20. Nde4 Kc8 21. Nh5 Nd7
22. h4 Kc7 23. Qh6 f5 24. Ng5 Bxg5 25. hxg5 Qe7 26. O-O-O b4 27. Rde1 e5 28.
Bxf5 bxc3 29. bxc3 Nxc3 30. Qe6 Rxg7 31. Nxg7 Qxg7 32. Rh7 Bd5 33. Rxg7 Bxe6
34. Bxe6 Rb8 35. Rxd7+ 1-0

[Event "NSU Open Mesterklassen 2009"]
[Site "Hillerod"]
[Date "2009.01.02"]
[Round "1"]
[White "Pedersen, Christopher RNH"]
[Black "Kristensen, Kaare Hove"]
[Result "0-1"]
[WhiteElo "1878"]
[BlackElo "2215"]
[PlyCount "46"]
[EventDate "2009.??.??"]

1. e4 c5 2. Nf3 d6 3. Bb5+ Nd7 4. d4 Ngf6 5. O-O a6 6. Bd3 cxd4 7. Nxd4 e6 8.
Nc3 Be7 9. f4 Qb6 10. Be3 Qxb2 11. Na4 Qa3 12. c3 b5 13. Nxb5 axb5 14. Bxb5
Rxa4 15. Bxa4 O-O 16. Bc2 Bb7 17. e5 dxe5 18. fxe5 Qxc3 19. Bd4 Bc5 20. exf6
Qxd4+ 21. Kh1 Qxd1 22. Raxd1 Nxf6 23. Rf4 e5 0-1

[Event "NSU Open Mesterklassen 2009"]
[Site "Hillerod"]
[Date "2009.01.02"]
[Round "1"]
[White "Schultz Pedersen, Jesper"]
[Black "Fredericia, Louise Winther"]
[Result "1/2-1/2"]
[WhiteElo "2195"]
[BlackElo "2065"]
[PlyCount "84"]
[EventDate "2009.??.??"]

1. e4 c5 2. f4 d5 3. Nf3 dxe4 4. Ne5 Nc6 5. Bb5 Qc7 6. Nc3 Nf6 7. Qe2 a6 8.
Bxc6+ bxc6 9. Nxe4 Nxe4 10. Qxe4 g6 11. d3 Bg7 12. O-O O-O 13. Bd2 Be6 14. Rac1
Rfe8 15. Bc3 Bd5 16. Qe2 Rad8 17. b3 Rd6 18. Qd2 Re6 19. Ba5 Qb8 20. c4 Rxe5
21. fxe5 Be6 22. Bc3 Rd8 23. Qe3 Bf5 24. Rcd1 Bg4 25. Rd2 h5 26. h3 Bf5 27.
Qxc5 Bh6 28. Rfd1 Rxd3 29. Rxd3 Bxd3 30. Re1 Bf8 31. Qxc6 Qa7+ 32. c5 e6 33. h4
Bb5 34. Qc8 Bd7 35. Qd8 Kg7 36. Kh1 Bc6 37. Qf6+ Kg8 38. Qf2 Qb7 39. Bd2 Bd5
40. a3 Qb5 41. Bg5 Qd7 42. Kh2 Kg7 1/2-1/2

[Event "NSU Open Mesterklassen 2009"]
[Site "Hillerod"]
[Date "2009.01.03"]
[Round "2"]
[White "Andersen, Daniel"]
[Black "Jakobsen, Peter"]
[Result "1/2-1/2"]
[WhiteElo "1873"]
[BlackElo "2219"]
[PlyCount "47"]
[EventDate "2009.??.??"]

1. c4 e6 2. Nf3 d5 3. g3 Nf6 4. Bg2 Be7 5. O-O O-O 6. d4 dxc4 7. Ne5 Nc6 8.
Bxc6 bxc6 9. Nxc6 Qe8 10. Nxe7+ Qxe7 11. Qa4 c5 12. Qxc4 cxd4 13. Qxd4 e5 14.
Qh4 Rb8 15. Nc3 Rb4 16. e4 Bb7 17. Bg5 Rxb2 18. Bxf6 Qxf6 19. Qxf6 gxf6 20.
Rab1 Rxb1 21. Rxb1 Ba6 22. Nd5 Kg7 23. Rb4 Rc8 24. Ne3 1/2-1/2

[Event "NSU Open Mesterklassen 2009"]
[Site "Hillerod"]
[Date "2009.01.03"]
[Round "2"]
[White "Andersen, Lars Ren"]
[Black "Montgomery, Jan ElkjaerFrantsen"]
[Result "1/2-1/2"]
[WhiteElo "2033"]
[BlackElo "2185"]
[PlyCount "97"]
[EventDate "2009.??.??"]

1. e4 c5 2. Nf3 Nc6 3. d4 cxd4 4. Nxd4 e5 5. Nb5 d6 6. c4 Be7 7. N1c3 a6 8. Na3
Be6 9. Bd3 Bg5 10. O-O h6 11. Nc2 Bxc1 12. Rxc1 Nf6 13. Nd5 O-O 14. Re1 Rc8 15.
b4 Bxd5 16. cxd5 Ne7 17. Ne3 Rxc1 18. Qxc1 b5 19. Qb2 Nd7 20. Rc1 Qb6 21. g3
Qb7 22. Rc2 g6 23. Qc1 Rc8 24. h4 Nb6 25. Ng4 h5 26. Nf6+ Kg7 27. Rxc8 Qxc8 28.
Qxc8 Nbxc8 29. Ne8+ Kh6 30. Nc7 f5 31. f3 g5 32. Nxa6 gxh4 33. gxh4 Ng6 34.
Bxb5 Nxh4 35. Bd7 Nb6 36. Bxf5 Nxf5 37. exf5 Kg5 38. Nc7 Kxf5 39. Nb5 Nxd5 40.
Nxd6+ Kf4 41. b5 Kxf3 42. a4 e4 43. a5 e3 44. Nf5 Nc7 45. b6 Na6 46. Kh2 e2 47.
Nd4+ Kf2 48. Nxe2 Kxe2 49. Kh3 1/2-1/2

[Event "NSU Open Mesterklassen 2009"]
[Site "Hillerod"]
[Date "2009.01.03"]
[Round "2"]
[White "Eddy, Samuel"]
[Black "Christensen, Esben"]
[Result "1/2-1/2"]
[WhiteElo "1967"]
[BlackElo "1990"]
[PlyCount "46"]
[EventDate "2009.??.??"]

1. d4 Nf6 2. Nf3 g6 3. Bg5 Bg7 4. Nbd2 d6 5. e3 c6 6. c3 Qc7 7. Bd3 Nbd7 8. O-O
O-O 9. Re1 b6 10. e4 e5 11. Nc4 b5 12. Ncd2 a6 13. c4 exd4 14. Nxd4 Nc5 15. Bf1
bxc4 16. Bxc4 Re8 17. f3 Nfd7 18. Nxc6 Nb6 19. Nb4 Bxb2 20. Nd5 Nxd5 21. Bxd5
Rb8 22. Rb1 Be6 23. Nc4 Bc3 1/2-1/2

[Event "NSU Open Mesterklassen 2009"]
[Site "Hillerod"]
[Date "2009.01.03"]
[Round "2"]
[White "Hove, Esben Kjems"]
[Black "Hellegaard, Dennis"]
[Result "1-0"]
[WhiteElo "2285"]
[BlackElo "1940"]
[PlyCount "65"]
[EventDate "2009.??.??"]

1. d4 Nf6 2. Nf3 e6 3. Bf4 b6 4. Nbd2 Bb7 5. h3 c5 6. e3 Be7 7. Bd3 d6 8. O-O
O-O 9. c3 Nbd7 10. Qb1 Re8 11. e4 Nf8 12. e5 dxe5 13. dxe5 N6d7 14. Bg3 Rc8 15.
Qc2 a6 16. a4 Ng6 17. Rfe1 Qc7 18. h4 c4 19. Nxc4 Bxf3 20. gxf3 Nxh4 21. Nd2
Nc5 22. Bxh7+ Kf8 23. Be4 Red8 24. Bxh4 Bxh4 25. f4 Ke7 26. Nf3 Rh8 27. Rad1 g5
28. f5 g4 29. Nxh4 Nxe4 30. Qxe4 Rxh4 31. fxe6 fxe6 32. Qg6 Rch8 33. Qg7+ 1-0

[Event "NSU Open Mesterklassen 2009"]
[Site "Hillerod"]
[Date "2009.01.03"]
[Round "2"]
[White "Kristensen, Kaare Hove"]
[Black "Jensen, Jakob Kjaer"]
[Result "0-1"]
[WhiteElo "2215"]
[BlackElo "2146"]
[PlyCount "82"]
[EventDate "2009.??.??"]

1. e4 d5 2. exd5 Qxd5 3. Nc3 Qd6 4. d4 c6 5. Nf3 Bg4 6. Be3 Nf6 7. h3 Bh5 8. g4
Bg6 9. Ne5 Nd5 10. Nxd5 Qxd5 11. Rg1 Nd7 12. Bg2 Qa5+ 13. Bd2 Qc7 14. Nxg6 hxg6
15. Qf3 Qb6 16. O-O-O Qxd4 17. Bc3 Qc5 18. Rge1 e6 19. Rxd7 Kxd7 20. Bxg7 Rh7
21. Qxf7+ Qe7 22. Rd1+ Kc7 23. Qf4+ Kb6 24. Qe3+ Kc7 25. Be5+ Kc8 26. Bd6 Qe8
27. Bxf8 Qxf8 28. Qxe6+ Kc7 29. Qe5+ Kb6 30. Rd3 a6 31. Rb3+ Ka7 32. Qd4+ c5
33. Qd5 Rb8 34. Rf3 Qe7 35. Re3 Qc7 36. Re5 Rc8 37. f4 Rd7 38. Qe4 Qa5 39. c3
Rcd8 40. Bf3 Qxa2 41. Qe3 Rd1+ 0-1

[Event "NSU Open Mesterklassen 2009"]
[Site "Hillerod"]
[Date "2009.01.03"]
[Round "2"]
[White "Ostergaard, Jens"]
[Black "Schultz Pedersen, Jesper"]
[Result "0-1"]
[WhiteElo "2226"]
[BlackElo "2195"]
[PlyCount "66"]
[EventDate "2009.??.??"]

1. d4 d5 2. Nf3 c5 3. c4 dxc4 4. d5 e6 5. Nc3 exd5 6. Qxd5 Qxd5 7. Nxd5 Bd6 8.
Nd2 Ne7 9. Nxc4 Nxd5 10. Nxd6+ Ke7 11. Nxc8+ Rxc8 12. g3 Nc6 13. Bg2 Rd8 14.
Bd2 Nd4 15. Rc1 Rac8 16. e3 Ne6 17. a3 b5 18. Ba5 Rd7 19. O-O Nb6 20. Rfe1 Nc4
21. Bc3 a5 22. a4 b4 23. Bxg7 Nb6 24. Be5 f6 25. Bf4 Nxa4 26. b3 Nc3 27. Bf1 a4
28. bxa4 Nxa4 29. Bb5 Rb7 30. Ra1 Ra8 31. Bc6 b3 32. Bd5 b2 33. Ra3 Nc3 0-1

[Event "NSU Open Mesterklassen 2009"]
[Site "Hillerod"]
[Date "2009.01.03"]
[Round "2"]
[White "Brondt, Nicolai Kvist"]
[Black "Fredericia, Louise Winther"]
[Result "1-0"]
[WhiteElo "1970"]
[BlackElo "2065"]
[PlyCount "75"]
[EventDate "2009.??.??"]

1. d4 d5 2. Nf3 Nf6 3. c4 e6 4. g3 Be7 5. Bg2 O-O 6. O-O c6 7. Nbd2 Nbd7 8. Qc2
Re8 9. e4 dxe4 10. Nxe4 Qa5 11. Bd2 Qh5 12. Bc3 c5 13. Rad1 Nxe4 14. Qxe4 Nf6
15. Qc2 Qg6 16. Qxg6 hxg6 17. Ne5 a5 18. dxc5 Bxc5 19. Rd2 Bb4 20. Bxb4 axb4
21. b3 Re7 22. Rfd1 Kh7 23. Nd3 Ra6 24. Nxb4 Rb6 25. Nc2 e5 26. Ne3 Be6 27. Bd5
Bxd5 28. Nxd5 Nxd5 29. Rxd5 Ree6 30. Rd7 Rf6 31. Re7 Rf5 32. Rdd7 Rbf6 33. Rd2
b6 34. Re2 b5 35. cxb5 e4 36. a4 Rf3 37. R2xe4 Rxb3 38. Rh4+ 1-0

[Event "NSU Open Mesterklassen 2009"]
[Site "Hillerod"]
[Date "2009.01.03"]
[Round "2"]
[White "Scherwin, Claes"]
[Black "Pedersen, Christopher RNH"]
[Result "1/2-1/2"]
[WhiteElo "1864"]
[BlackElo "1878"]
[PlyCount "87"]
[EventDate "2009.??.??"]

1. Nf3 d5 2. d4 Nf6 3. Bf4 c5 4. c3 cxd4 5. cxd4 Qb6 6. Qc2 Nc6 7. e3 Bf5 8.
Qb3 Qxb3 9. axb3 e6 10. Nc3 Bb4 11. Nd2 O-O 12. Be2 e5 13. dxe5 d4 14. exf6
dxc3 15. bxc3 Bxc3 16. Rc1 Bxf6 17. O-O Rfd8 18. Nc4 Be7 19. Rfd1 Be6 20. h3
Rxd1+ 21. Bxd1 Rd8 22. Bf3 g5 23. Bg3 Kf8 24. Bxc6 bxc6 25. Ra1 Rd3 26. Ne5 Rc3
27. Rxa7 Bxb3 28. Rc7 Bd5 29. Nd7+ Ke8 30. Nb6 Bd8 31. Rc8 Be6 32. Rb8 Rc1+ 33.
Kh2 Ke7 34. h4 h6 35. hxg5 hxg5 36. Be5 Rd1 37. Rb7+ Ke8 38. Na4 Rd5 39. Bd4
Rb5 40. Ra7 Kf8 41. Nc5 Bb6 42. Nxe6+ fxe6 43. Bxb6 Rxb6 44. Kg3 1/2-1/2

[Event "NSU Open Mesterklassen 2009"]
[Site "Hillerod"]
[Date "2009.01.03"]
[Round "3"]
[White "Andersen, Lars Ren"]
[Black "Jakobsen, Peter"]
[Result "1/2-1/2"]
[WhiteElo "2033"]
[BlackElo "2219"]
[PlyCount "113"]
[EventDate "2009.??.??"]

1. e4 e5 2. Nf3 Nc6 3. Bb5 a6 4. Ba4 Nf6 5. d3 d6 6. a3 g6 7. O-O Bg7 8. Nc3
O-O 9. Bb3 Bg4 10. Be3 Nd4 11. Bxd4 exd4 12. Nd5 Nd7 13. h3 Be6 14. Nf4 Bxb3
15. cxb3 a5 16. Qc2 c6 17. Qc4 Ne5 18. Nxe5 dxe5 19. Ne2 Qd6 20. Rac1 Kh8 21.
Qc5 Qe6 22. Qc4 Qd7 23. f4 exf4 24. Nxf4 Rae8 25. Rf3 f5 26. Rcf1 Qe7 27. exf5
Rxf5 28. g4 Rc5 29. Qa4 Qd6 30. b4 Rb5 31. bxa5 Rxb2 32. a6 bxa6 33. Qxa6 Rb3
34. a4 Bh6 35. Ng2 Rb2 36. h4 Qe6 37. g5 Bg7 38. R3f2 Rbb8 39. Re1 Qg4 40.
Rxe8+ Rxe8 41. Qxc6 Rc8 42. Qb7 h6 43. a5 Rc1+ 44. Rf1 Rxf1+ 45. Kxf1 Qf5+ 46.
Ke2 Qxa5 47. Qc8+ Kh7 48. Qg4 Qa2+ 49. Kf3 Qc2 50. Qe4 Qd1+ 51. Kg3 h5 52. Kf2
Qc2+ 53. Kf3 Qd1+ 54. Qe2 Qh1 55. Kg3 Bf8 56. Qe5 Qg1 57. Qe6 1/2-1/2

[Event "NSU Open Mesterklassen 2009"]
[Site "Hillerod"]
[Date "2009.01.03"]
[Round "3"]
[White "Fredericia, Louise Winther"]
[Black "Ostergaard, Jens"]
[Result "0-1"]
[WhiteElo "2065"]
[BlackElo "2226"]
[PlyCount "50"]
[EventDate "2009.??.??"]

1. e4 c6 2. d4 d5 3. e5 Bf5 4. Nc3 e6 5. g4 Bg6 6. h4 h5 7. g5 c5 8. Bd3 Ne7 9.
dxc5 Nf5 10. b4 Nc6 11. Bb5 a5 12. Ba3 Be7 13. Rb1 axb4 14. Bxc6+ bxc6 15. Bxb4
d4 16. Ne4 Qd5 17. Qe2 Ne3 18. fxe3 Bxe4 19. Rh2 d3 20. cxd3 Bxd3 21. e4 Qxe5
22. Qxd3 Qxh2 23. Nf3 Qg3+ 24. Kf1 Rxa2 25. Bd2 Rxd2 0-1

[Event "NSU Open Mesterklassen 2009"]
[Site "Hillerod"]
[Date "2009.01.03"]
[Round "3"]
[White "Hellegaard, Dennis"]
[Black "Kristensen, Kaare Hove"]
[Result "1/2-1/2"]
[WhiteElo "1940"]
[BlackElo "2215"]
[PlyCount "66"]
[EventDate "2009.??.??"]

1. d4 d5 2. c4 e6 3. Nf3 c5 4. e3 Nf6 5. Nc3 Nc6 6. a3 a6 7. dxc5 Bxc5 8. b4
Ba7 9. Bb2 O-O 10. Bd3 Qe7 11. O-O dxc4 12. Bxc4 b5 13. Bb3 Bb7 14. Qe2 Rac8
15. Rfd1 Bb8 16. Rac1 Nxb4 17. axb4 Qxb4 18. Bc2 Bxf3 19. gxf3 Qh4 20. f4 Ng4
21. f3 Nxe3 22. Qxe3 Bxf4 23. Qf2 Qxf2+ 24. Kxf2 Rc7 25. Ne2 Bxc1 26. Rxc1 Rfc8
27. Be4 Rxc1 28. Bxc1 a5 29. Be3 b4 30. Nd4 Rb8 31. Nc6 Rb5 32. Bd3 Rh5 33. Bb6
Rxh2+ 1/2-1/2

[Event "NSU Open Mesterklassen 2009"]
[Site "Hillerod"]
[Date "2009.01.03"]
[Round "3"]
[White "Jensen, Jakob Kjaer"]
[Black "Hove, Esben Kjems"]
[Result "1-0"]
[WhiteElo "2146"]
[BlackElo "2285"]
[PlyCount "81"]
[EventDate "2009.??.??"]

1. d4 Nf6 2. c3 g6 3. Bg5 Bg7 4. Nd2 O-O 5. e4 d6 6. f4 c6 7. Ngf3 Nbd7 8. Bd3
Qe8 9. O-O e5 10. Nc4 Nxe4 11. Bxe4 d5 12. Nd6 Qe6 13. dxe5 dxe4 14. Nd4 Qd5
15. Be7 Nb6 16. Bxf8 Bxf8 17. Nxc8 Rxc8 18. Qe2 Na4 19. Rfd1 b5 20. Nb3 Qc4 21.
Qg4 Re8 22. Rd4 Bc5 23. Nxc5 Qxc5 24. Qe2 a5 25. Kh1 f5 26. exf6 Qf5 27. Re1
Nc5 28. b4 axb4 29. cxb4 Qxf6 30. Qe3 Ne6 31. Rxe4 Kf7 32. h3 h5 33. Re2 Re7
34. Kh2 Re8 35. g3 Re7 36. Kg2 Re8 37. Re5 h4 38. Rxe6 Rxe6 39. Qxe6+ Qxe6 40.
Rxe6 Kxe6 41. gxh4 1-0

[Event "NSU Open Mesterklassen 2009"]
[Site "Hillerod"]
[Date "2009.01.03"]
[Round "3"]
[White "Montgomery, Jan ElkjaerFrantsen"]
[Black "Andersen, Daniel"]
[Result "1-0"]
[WhiteElo "2185"]
[BlackElo "1873"]
[PlyCount "77"]
[EventDate "2009.??.??"]

1. d4 Nf6 2. Nf3 g6 3. g3 Bg7 4. Bg2 d5 5. O-O O-O 6. c4 dxc4 7. Ne5 Ne8 8. Na3
Nd6 9. Qc2 Bf5 10. e4 Be6 11. f4 c6 12. Be3 b5 13. Rad1 f5 14. d5 cxd5 15. exd5
Bd7 16. Rfe1 Na6 17. Nc6 Bxc6 18. dxc6 Qc7 19. Qd2 Rad8 20. Qd5+ e6 21. Qxe6+
Kh8 22. Qd5 Nb4 23. Qc5 Nd3 24. Qxa7 Qxa7 25. Bxa7 Nxe1 26. Rxe1 Bxb2 27. Bc5
Rfe8 28. Rxe8+ Nxe8 29. Nxb5 c3 30. Bd4+ Kg8 31. Bxc3 Bxc3 32. Nxc3 Nc7 33. a4
Rb8 34. Bf1 Kf8 35. Nb5 Nd5 36. Bg2 Nb6 37. c7 Re8 38. a5 Nc4 39. Bb7 1-0

[Event "NSU Open Mesterklassen 2009"]
[Site "Hillerod"]
[Date "2009.01.03"]
[Round "3"]
[White "Pedersen, Christopher RNH"]
[Black "Christensen, Esben"]
[Result "1/2-1/2"]
[WhiteElo "1878"]
[BlackElo "1990"]
[PlyCount "91"]
[EventDate "2009.??.??"]

1. e4 c5 2. Nf3 e6 3. d4 cxd4 4. Nxd4 Nf6 5. Nc3 d6 6. Be3 a6 7. g4 b5 8. Bg2
Bb7 9. g5 Nfd7 10. Qh5 g6 11. Qh3 b4 12. Nxe6 fxe6 13. Qxe6+ Qe7 14. Qxe7+ Bxe7
15. Nd5 Bxd5 16. exd5 a5 17. h4 Na6 18. a3 Rc8 19. Kd2 Ne5 20. b3 bxa3 21. Rxa3
Bd8 22. f4 Nd7 23. h5 Rg8 24. Bd4 Nac5 25. Re1+ Kf7 26. Bh3 Re8 27. Raa1 Rb8
28. Rxe8 Kxe8 29. hxg6 hxg6 30. Re1+ Kf8 31. Bxd7 Nxd7 32. Re6 Bb6 33. Bxb6
Nxb6 34. Rxd6 a4 35. Rxg6 axb3 36. cxb3 Nxd5 37. Rd6 Ne7 38. Kc3 Rb5 39. Kc4
Rf5 40. Rf6+ Rxf6 41. gxf6 Ng8 42. b4 Nxf6 43. b5 Ke7 44. b6 Kd7 45. Kb5 Kc8
46. Ka6 1/2-1/2

[Event "NSU Open Mesterklassen 2009"]
[Site "Hillerod"]
[Date "2009.01.03"]
[Round "3"]
[White "Brondt, Nicolai Kvist"]
[Black "Schultz Pedersen, Jesper"]
[Result "0-1"]
[WhiteElo "1970"]
[BlackElo "2195"]
[PlyCount "62"]
[EventDate "2009.??.??"]

1. d4 Nc6 2. c4 e5 3. d5 Nce7 4. Nc3 Ng6 5. e4 Nf6 6. Nf3 Bb4 7. Bd3 Bxc3+ 8.
bxc3 d6 9. O-O O-O 10. g3 Bg4 11. Re1 Nd7 12. Be2 Nc5 13. Nd2 Bd7 14. Bg4 Qc8
15. Bxd7 Qxd7 16. Nb3 b6 17. Nxc5 bxc5 18. g4 Ne7 19. f4 exf4 20. Bxf4 Ng6 21.
Qf3 Rfe8 22. Rf1 Ne5 23. Bxe5 Rxe5 24. h4 h6 25. Rf2 Rae8 26. Re1 Qe7 27. h5 a5
28. Rfe2 Qh4 29. Rf1 R8e7 30. Rh2 Qg5 31. Re2 f5 0-1

[Event "NSU Open Mesterklassen 2009"]
[Site "Hillerod"]
[Date "2009.01.03"]
[Round "3"]
[White "Scherwin, Claes"]
[Black "Eddy, Samuel"]
[Result "1-0"]
[WhiteElo "1864"]
[BlackElo "1967"]
[PlyCount "117"]
[EventDate "2009.??.??"]

1. e4 e6 2. d4 d5 3. exd5 exd5 4. Bd3 Nc6 5. c3 Bd6 6. Nd2 Nge7 7. Ne2 Bg4 8.
Nb3 Qd7 9. Qc2 Ng6 10. f3 Be6 11. Be3 Nce7 12. O-O-O O-O-O 13. Ng3 h5 14. Rhe1
h4 15. Nf1 Nf5 16. Bd2 b6 17. Nc5 Bxc5 18. dxc5 Nfe7 19. cxb6 axb6 20. Kb1 Kb7
21. Bg5 Ra8 22. a3 f6 23. Bc1 Ne5 24. Ne3 Nxd3 25. Qxd3 Bf7 26. Ka1 Bg6 27. Qd2
Qb5 28. Nc2 Rhe8 29. Nb4 c6 30. Qe2 Qxe2 31. Rxe2 Nf5 32. Rde1 Nd6 33. Re7+ Kc8
34. Bf4 Rxe7 35. Rxe7 Nf5 36. Rc7+ Kd8 37. Nxc6+ Ke8 38. g4 hxg3 39. hxg3 Kf8
40. g4 Nh4 41. Nd4 Re8 42. Rb7 Re1+ 43. Ka2 Rf1 44. Bg3 Bb1+ 45. Kb3 Nxf3 46.
Ne6+ Kg8 47. Rxg7+ Kh8 48. Rd7 Rg1 49. Bf2 Nd2+ 50. Kb4 Rxg4+ 51. Kb5 Bd3+ 52.
Kxb6 Nc4+ 53. Kc5 Nxb2 54. Bd4 Na4+ 55. Kxd5 Bc4+ 56. Kd6 Re4 57. Bxf6+ Kg8 58.
Rg7+ Kh8 59. Rg4+ 1-0

[Event "NSU Open Mesterklassen 2009"]
[Site "Hillerod"]
[Date "2009.01.04"]
[Round "4"]
[White "Andersen, Daniel"]
[Black "Scherwin, Claes"]
[Result "1/2-1/2"]
[WhiteElo "1873"]
[BlackElo "1864"]
[PlyCount "57"]
[EventDate "2009.??.??"]

1. c4 e6 2. Nf3 Nf6 3. g3 b6 4. Bg2 Bb7 5. O-O Be7 6. d4 d5 7. Ne5 O-O 8. Nc3
Nbd7 9. Bf4 c5 10. cxd5 Nxd5 11. Nxd5 Bxd5 12. Bxd5 exd5 13. Nc6 Qe8 14. Nxe7+
Qxe7 15. dxc5 Nxc5 16. Be3 Rfd8 17. Bd4 Rac8 18. Rc1 h6 19. Qd2 Rc6 20. Rfd1 a5
21. Qe3 Re6 22. Bxc5 Rxe3 23. Bxe7 Rxe7 24. e3 Red7 25. Rd4 Kf8 26. Rc6 Rd6 27.
Rxd6 Rxd6 28. e4 Re6 29. Rxd5 1/2-1/2

[Event "NSU Open Mesterklassen 2009"]
[Site "Hillerod"]
[Date "2009.01.04"]
[Round "4"]
[White "Eddy, Samuel"]
[Black "Pedersen, Christopher RNH"]
[Result "0-1"]
[WhiteElo "1967"]
[BlackElo "1878"]
[PlyCount "50"]
[EventDate "2009.??.??"]

1. e4 c5 2. Nf3 d6 3. d4 cxd4 4. Nxd4 Nf6 5. Nc3 a6 6. Bg5 e6 7. f4 Qc7 8. Bxf6
gxf6 9. Qf3 b5 10. Bxb5+ axb5 11. Ndxb5 Qb6 12. O-O-O Bd7 13. f5 Be7 14. e5
Bxb5 15. fxe6 Bc6 16. exf7+ Kf8 17. Qh3 h5 18. exd6 Bd8 19. Rhe1 Bd7 20. Qd3
Nc6 21. Nd5 Qf2 22. Ne7 Nb4 23. Ng6+ Kg7 24. Qb3 Rxa2 25. Kb1 Qa7 0-1

[Event "NSU Open Mesterklassen 2009"]
[Site "Hillerod"]
[Date "2009.01.04"]
[Round "4"]
[White "Fredericia, Louise Winther"]
[Black "Christensen, Esben"]
[Result "0-1"]
[WhiteElo "2065"]
[BlackElo "1990"]
[PlyCount "126"]
[EventDate "2009.??.??"]

1. e4 c5 2. Nf3 e6 3. d3 Nc6 4. g3 d6 5. Bg2 g6 6. Nbd2 Bg7 7. h4 h5 8. O-O Nh6
9. Re1 O-O 10. c3 d5 11. Qe2 d4 12. Nb3 Ng4 13. Bd2 b6 14. e5 Ba6 15. cxd4 Rc8
16. Bc3 cxd4 17. Nbxd4 Ncxe5 18. Nxe5 Nxe5 19. Rad1 Nxd3 20. Nxe6 fxe6 21.
Qxe6+ Kh7 22. Be4 Qe8 23. Bxd3 Bxc3 24. bxc3 Bxd3 25. Rxd3 Qxe6 26. Rxe6 Rf7
27. Red6 Rfc7 28. Rd7+ Kh6 29. Rxc7 Rxc7 30. Kf1 Rc5 31. Ke2 Ra5 32. Rd2 Kg7
33. Kd3 Kf6 34. Kc4 Rc5+ 35. Kb4 g5 36. hxg5+ Kxg5 37. Rd4 Rf5 38. f4+ Kg4 39.
Rd3 h4 40. gxh4 Kxh4 41. Rd4 Kg4 42. a4 Rc5 43. Kb3 Kf5 44. Rb4 Ke6 45. Rc4 Rf5
46. Rd4 Ke7 47. Kc4 Ke6 48. Re4+ Kd6 49. Rd4+ Ke6 50. Kd3 Ra5 51. Ke4 Rc5 52.
Kd3 Ra5 53. Rb4 Rd5+ 54. Ke4 Rc5 55. c4 Ra5 56. Rb5 Rxa4 57. Re5+ Kf6 58. Rf5+
Ke6 59. Re5+ Kf6 60. Kd5 Ra5+ 61. Kd6 Ra4 62. Kd5 Ra1 63. Rh5 Ra5+ 0-1

[Event "NSU Open Mesterklassen 2009"]
[Site "Hillerod"]
[Date "2009.01.04"]
[Round "4"]
[White "Hellegaard, Dennis"]
[Black "Brondt, Nicolai Kvist"]
[Result "1/2-1/2"]
[WhiteElo "1940"]
[BlackElo "1970"]
[PlyCount "38"]
[EventDate "2009.??.??"]

1. d4 d5 2. c4 c6 3. Nf3 Nf6 4. e3 Bf5 5. Nc3 e6 6. Bd3 Bxd3 7. Qxd3 Nbd7 8.
O-O Be7 9. b3 O-O 10. Re1 Qc7 11. e4 dxe4 12. Nxe4 Rad8 13. Bg5 Rfe8 14. Rad1
Nxe4 15. Qxe4 Bxg5 16. Nxg5 Nf6 17. Qe5 Re7 18. Nf3 Red7 19. Qxc7 Rxc7 1/2-1/2

[Event "NSU Open Mesterklassen 2009"]
[Site "Hillerod"]
[Date "2009.01.04"]
[Round "4"]
[White "Jakobsen, Peter"]
[Black "Kristensen, Kaare Hove"]
[Result "1/2-1/2"]
[WhiteElo "2219"]
[BlackElo "2215"]
[PlyCount "114"]
[EventDate "2009.??.??"]

1. c4 c6 2. g3 d5 3. Bg2 Nf6 4. Nf3 dxc4 5. Qc2 Be6 6. Ng5 Bd5 7. e4 h6 8. Nh3
Be6 9. Nf4 Qd7 10. Na3 Na6 11. Nxe6 Qxe6 12. Nxc4 Nb4 13. Qb3 a5 14. O-O Nxe4
15. d4 b5 16. Nxa5 Qxb3 17. Nxb3 Nf6 18. Bd2 Nbd5 19. Rfc1 Rc8 20. Rc2 e6 21.
Rac1 Kd7 22. a3 Bd6 23. Na5 b4 24. axb4 Bxb4 25. Bxb4 Nxb4 26. Bxc6+ Nxc6 27.
Nxc6 Kd6 28. Ne5 Rxc2 29. Rxc2 Kd5 30. Nxf7 Rb8 31. Ne5 Rb3 32. Kg2 Kxd4 33.
Nf3+ Kd3 34. Rd2+ Ke4 35. Nd4 Rb6 36. Ne2 Nd5 37. Nc3+ Nxc3 38. bxc3 Rc6 39.
Rd4+ Ke5 40. Rd3 g5 41. Kf3 Rc4 42. h3 h5 43. Ke3 Re4+ 44. Kd2 Ra4 45. Re3+ Kd5
46. Rd3+ Ke5 47. Re3+ Kd5 48. Re2 e5 49. Ke3 Re4+ 50. Kd3 Ra4 51. Rb2 Ra1 52.
Rb5+ Ke6 53. Rb6+ Kf5 54. f3 Rd1+ 55. Ke2 Rc1 56. Kd2 Rf1 57. g4+ hxg4 1/2-1/2